LEADER 01326nam a2200289 a 4500 001 000000110361 003 CaOOAMICUS 005 20080306103034.0 008 080306s2006 enk u000 u eng d 020 $a0-521-86473-9 020 $z978-0521-86473-2* 040 $aUPS$bita$dTZ$dPUL$dLDB 100 1 $aKeys, Mary M.,$d1966-$0(OLS)http://pul/name/67617 245 10$aAquinas, Aristotle, and the promise of the common good /$cMary M. Keys. 260 $aCambridge :$bCambridge University Press,$c2006. 300 $axiii, 255 p. ;$c24 cm. 504 $aBibliografia: p. 239-247. 600 04$aAristoteles,$d384-322 a.C.$xEtica.$0(OLS)http://pul/subject/24144 600 04$aThomas Aquinas,$cs.,$dc. 1225-1274$xEtica.$0(OLS)http://pul/subject/25171 650 4$aBene comune.$0(OLS)http://pul/subject/12547 850 $aPUL 852 $aPUL$W1$xSL Diritto e Scienze Sociali 3$y79$m320. 01 KEYMA 1$j126420$qDDC 21$B125144$CPULBib$Z2$F125144 $H106507 $82 941 1 $a9 996 $6020$a0-521-86473-9$9(OLS)http://pul/number/137377 996 $6020$z978-0521-86473-2*$9(OLS)http://pul/number/137378 996 $6245$aAquinas, Aristotle, and the promise of the common good$9(OLS)http://pul/title/138765 996 $6260$aCambridge :$bCambridge University Press$9(OLS)http://pul/publisher/50125 LEADER 01294nam a2200289 a 4500 001 000000137167 003 CaOOAMICUS 005 20140128132053.0 008 140128s1980 it u000 u ita r 040 $aPUL$bita 041 1 $aita$hfre 100 1 $aMaritain, Jacques,$d1882-1973.$0(OLS)http://pul/name/868 240 10$aDe Bergson à Thomas d'Aquin.$lItaliano.$0(OLS)http://pul/title/23783 245 10$aDa Bergson a Tommaso D'Aquino :$bsaggio di metafisica e di morale /$cJacques Maritain. 260 $aMilano :$bVita e pensiero,$c1980. 300 $a270 p. ;$c20 cm 504 $aNota bibliografica. 600 04$aThomas Aquinas,$cs.,$dc. 1225-1274$xMetafisica.$0(OLS)http://pul/subject/4817 600 14$aBergson, Henri,$d1859-1941$xFilosofia.$0(OLS)http://pul/subject/1803 650 4$aFilosofia morale$xStudi.$0(OLS)http://pul/subject/5139 850 $aPUL 852 $aPUL$W1$xDP1 Fondo E. Rossi$y115$m5 A 8$j115147$qFondi$q $B157606$CPULBib$Z2$F157606 $Hnull $81 941 1 $a1 961 $aSul dorso collocazione ms. di E. Rossi: Ma 9 996 $6245$aDa Bergson a Tommaso D'Aquino :$bsaggio di metafisica e di morale$9(OLS)http://pul/title/23784 996 $6260$aMilano :$bVita e pensiero$9(OLS)http://pul/publisher/48016